| 000 | 00511cam a2200205 4500 | ||
|---|---|---|---|
| 001 | 4553068 | ||
| 005 | 20180109075137.0 | ||
| 008 | 730316s1973 nyu 000 0 eng | ||
| 010 | _a 72091162 | ||
| 020 | _a0030865913 | ||
| 040 |
_aDLC _cDLC _dDLC |
||
| 041 | _aeng | ||
| 080 | _a121.8 | ||
| 082 | 0 | 0 | _a121.8 JAN |
| 100 | 1 | _a21 | |
| 101 | _aGJL | ||
| 245 | 1 | 0 |
_aHuman worth _c[by] Richard Paul Janaro [and] Darwin E. Gearhart. |
| 906 |
_a7 _bcbc _corignew _d2 _eopcn _f19 _gy-gencatlg |
||
| 942 |
_2ddc _cBK |
||
| 999 |
_c39930 _d39930 |
||